[Event "PRO League Group Stage"]
[Site "chess.com INT"]
[Date "2019.01.16"]
[Round "2"]
[White "Zierk, Steven"]
[Black "Smirnov, Anton"]
[Result "0-1"]
[WhiteTitle "GM"]
[BlackTitle "GM"]
[WhiteElo "2510"]
[BlackElo "2569"]
[WhiteTeam "San Francisco Mechanics"]
[BlackTeam "Australia Kangaroos"]
[WhiteFideId "2034255"]
[BlackFideId "3208923"]
[EventDate "2019.01.08"]

1. e4 c6 2. d4 d5 3. Nc3 dxe4 4. Nxe4 Bf5 5. Ng3 Bg6 6. h4 h6 7. Nf3 e6 8. h5
Bh7 9. Bd3 Bxd3 10. Qxd3 Nf6 11. Bd2 c5 12. O-O-O Nc6 13. Bc3 Qd5 14. dxc5 Qxd3
15. Rxd3 Bxc5 16. Bxf6 gxf6 17. Ne4 Be7 18. Rhd1 Rd8 19. Rxd8+ Nxd8 20. Nd6+
Bxd6 21. Rxd6 Rg8 22. g3 Ke7 23. Rd3 Nc6 24. Rb3 Na5 25. Rc3 Nc6 26. Rb3 Rb8 27.
a4 f5 28. Kd2 Rd8+ 29. Ke3 Rd7 30. Rd3 Rxd3+ 31. Kxd3 Nb4+ 32. Kd4 Nd5 33. c4
Nf6 34. c5 Nxh5 35. c6 bxc6 36. Ne5 f4 37. gxf4 c5+ 38. Ke3 a6 39. a5 Nf6 40.
Nc6+ Kd6 41. Nd8 Nd5+ 42. Kf3 f5 43. Nf7+ Ke7 44. Ne5 Nb4 45. Ke3 Kd6 46. Nf7+
Kc6 47. Nxh6 Nd5+ 48. Kf3 Kb5 49. Nf7 Kxa5 50. Nd8 Nc7 51. Ke2 Kb4 52. Kd2 Kb3
53. Kc1 Kc4 54. Kc2 Kd5 55. f3 Nb5 56. Kd3 Nd4 57. Ke3 a5 58. Nb7 a4 59. Nd8 c4
60. Nb7 Nb3 61. Ke2 c3 62. bxc3 a3 0-1

[Event "PRO League Group Stage"]
[Site "chess.com INT"]
[Date "2019.01.16"]
[Round "2"]
[White "Ly, Moulthun"]
[Black "Gozzoli, Yannick"]
[Result "1/2-1/2"]
[WhiteTitle "GM"]
[BlackTitle "GM"]
[WhiteElo "2486"]
[BlackElo "2630"]
[WhiteTeam "Australia Kangaroos"]
[BlackTeam "San Francisco Mechanics"]
[WhiteFideId "3204405"]
[BlackFideId "616915"]
[EventDate "2019.01.08"]

1. e4 e5 2. Nf3 Nc6 3. Bb5 a6 4. Ba4 Nf6 5. O-O Be7 6. d3 d6 7. c3 O-O 8. Nbd2
Re8 9. Re1 Bf8 10. Nf1 h6 11. Ng3 b5 12. Bb3 Na5 13. Bc2 c5 14. h3 Bb7 15. Nh2
d5 16. Ng4 dxe4 17. dxe4 Nxg4 18. Qxg4 Bc8 19. Nf5 Qf6 20. Qg3 Kh8 21. Ne3 Be6
22. b3 Rad8 23. Bb2 Qg5 24. Qxg5 hxg5 25. Rad1 f6 26. Rxd8 Rxd8 27. Rd1 Rxd1+
28. Bxd1 c4 29. b4 Nc6 30. a3 Kg8 31. Bh5 Bd6 32. Kf1 Ne7 33. Ke2 g6 34. Bg4 Kf7
35. Bc1 Bc7 36. Kd1 Bb6 37. Bf3 Nc8 38. Ke1 Nd6 39. Ng4 Ke7 40. Be3 Bxe3 41.
Nxe3 f5 42. Kd2 g4 43. hxg4 f4 44. Nf1 Kf6 45. Ke2 Kg5 46. Nd2 Kh4 47. Kf1 Bxg4
48. Bxg4 Kxg4 49. Ke2 g5 50. Nf1 Kh4 51. Nd2 g4 52. Kf1 Nc8 53. Ke1 Nb6 54. Kd1
Nd7 55. Ke1 Nf8 56. Kf1 Ne6 57. Ke1 Ng5 58. Kf1 f3 59. g3+ Kh5 60. Ke1 Nh3 61.
Kf1 Kg6 62. Nb1 Kf6 63. Nd2 Ke6 64. Nb1 Kd6 65. Nd2 Kc6 66. Nb1 Ng5 67. Nd2 a5
68. Ke1 Kb6 69. Kf1 Kc6 70. Ke1 axb4 71. axb4 Nh7 72. Nf1 Nf6 73. Nd2 Kd6 74.
Kd1 Nh5 75. Ke1 Nf6 76. Kd1 Nd7 77. Ke1 Nb6 78. Kd1 Ke6 79. Nf1 Nc8 80. Ke1 Nd6
81. Nd2 Nf7 82. Nf1 Ng5 83. Nd2 Nh3 84. Kf1 Kd6 85. Nb1 Ng5 86. Nd2 Ne6 87. Ke1
Kc6 88. Nf1 Kd7 89. Nd2 Kd6 90. Kd1 Ke7 91. Ke1 Kf6 92. Nf1 Ng5 93. Nd2 Ke6 94.
Kf1 Nf7 95. Ke1 Nd6 96. Kf1 Nc8 97. Ke1 Nb6 98. Kd1 Nd7 99. Ke1 Nf6 100. Kf1 Nh7
101. Ke1 Ng5 102. Kf1 Kd7 103. Ke1 Kd6 104. Kf1 Ne6 105. Ke1 Ng5 106. Kf1 Ne6 1/2-1/2

[Event "PRO League Group Stage"]
[Site "chess.com INT"]
[Date "2019.01.16"]
[Round "2"]
[White "Song, Raymond"]
[Black "Naroditsky, Daniel"]
[Result "1/2-1/2"]
[WhiteTitle "FM"]
[BlackTitle "GM"]
[WhiteElo "2329"]
[BlackElo "2616"]
[WhiteTeam "Australia Kangaroos"]
[BlackTeam "San Francisco Mechanics"]
[WhiteFideId "3203824"]
[BlackFideId "2026961"]
[EventDate "2019.01.08"]

1. d4 Nf6 2. Nf3 g6 3. g3 Bg7 4. Bg2 O-O 5. O-O d6 6. b3 c5 7. c4 d5 8. Bb2 dxc4
9. bxc4 cxd4 10. Nxd4 Nc6 11. Nxc6 bxc6 12. Qxd8 Rxd8 13. Bxc6 Rb8 14. Be5 Bh3
15. Rc1 Rbc8 16. Bg2 Rxc4 17. Na3 Rxc1+ 18. Rxc1 Be6 19. Nb5 a6 20. Nc7 Bxa2 21.
Nxa6 Ng4 22. Bxg7 Kxg7 23. Nb4 Rd2 24. Nxa2 Rxa2 25. Bf3 Ne5 26. Kg2 g5 27. Rc5
Kf6 28. h3 e6 29. Rb5 Rd2 30. Rb7 h6 31. Bh5 Ng6 32. Bxg6 Kxg6 33. e3 Ra2 34. g4
Ra6 35. Rb8 Ra7 36. Rb5 Rd7 37. Kg3 h5 38. gxh5+ Kxh5 39. h4 f5 40. hxg5 Kxg5
41. f4+ Kf6 42. Kf3 Rh7 43. Rb8 Rh3+ 44. Ke2 Rh2+ 45. Kd3 Ke7 46. Rb6 Ra2 47.
Rb7+ Kf6 48. Rc7 Ra3+ 49. Ke2 Ra2+ 50. Kd3 Ra3+ 51. Ke2 Ra2+ 52. Kd3 Ra3+ 1/2-1/2

[Event "PRO League Group Stage"]
[Site "chess.com INT"]
[Date "2019.01.16"]
[Round "2"]
[White "Corrales Jimenez, Fidel"]
[Black "Yoo, Christopher Woojin"]
[Result "1-0"]
[WhiteTitle "GM"]
[BlackTitle "FM"]
[WhiteElo "2559"]
[BlackElo "2388"]
[WhiteTeam "Minnesota Blizzard"]
[BlackTeam "San Jose Hackers"]
[WhiteFideId "3506690"]
[BlackFideId "30909694"]
[EventDate "2019.01.08"]

1. e4 c5 2. Nf3 d6 3. d4 cxd4 4. Nxd4 Nf6 5. Nc3 Nc6 6. Bg5 e6 7. Qd2 a6 8.
O-O-O Bd7 9. f4 Be7 10. Bxf6 Bxf6 11. Nxc6 Bxc6 12. Bc4 O-O 13. Rhe1 Qa5 14. Kb1
b5 15. Bb3 b4 16. Ne2 Bxe4 17. Ng3 Bb7 18. f5 exf5 19. Nh5 Be5 20. Qg5 Qd8 21.
Qxf5 g6 22. Qg4 Bc8 23. Qf3 Qe7 24. Qxa8 Bg4 25. Qxa6 Bxd1 26. Rxd1 gxh5 27. Qc4
Bxh2 28. Qxb4 Qe2 29. Qd2 Qxd2 30. Rxd2 Kg7 31. a4 Kf6 32. Bd5 Bg1 33. b4 Re8
34. Kb2 Re1 35. a5 Be3 36. Rd3 Ke7 37. b5 Bc1+ 38. Ka2 Re3 39. Rxe3+ Bxe3 40.
Kb3 f5 41. b6 Kd7 42. Kc4 Kc8 43. Kb5 f4 44. a6 1-0

[Event "PRO League Group Stage"]
[Site "chess.com INT"]
[Date "2019.01.16"]
[Round "2"]
[White "Tang, Andrew"]
[Black "Ravuri, Vinesh"]
[Result "1-0"]
[WhiteTitle "GM"]
[WhiteElo "2487"]
[BlackElo "2042"]
[WhiteTeam "Minnesota Blizzard"]
[BlackTeam "San Jose Hackers"]
[WhiteFideId "2059630"]
[BlackFideId "45042632"]
[EventDate "2019.01.08"]

1. d4 Nf6 2. c4 g6 3. f3 Bg7 4. e4 d6 5. Nc3 O-O 6. Nge2 c5 7. d5 e6 8. Ng3 exd5
9. cxd5 a6 10. a4 h5 11. Bg5 Qb6 12. Qd2 Nh7 13. a5 Qc7 14. Bh6 h4 15. Bxg7 Kxg7
16. Nge2 Nd7 17. Nf4 Ne5 18. Na4 h3 19. Be2 Ng5 20. Nh5+ gxh5 21. Qxg5+ Ng6 22.
Nb6 Rb8 23. gxh3 Qe7 24. h4 Qf6 25. Nc4 Rd8 26. Rg1 Qxg5 27. hxg5 Ne5 28. Nb6
Re8 29. Kd2 h4 30. Rae1 Bh3 31. Bd1 Ng6 32. Ke3 Re7 33. f4 Rbe8 34. Kf3 Bf5 35.
Bc2 h3 36. Nc4 Nh4+ 37. Kg3 Ng2 38. Nxd6 Bd7 39. Nxe8+ 1-0

[Event "PRO League Group Stage"]
[Site "chess.com INT"]
[Date "2019.01.16"]
[Round "2"]
[White "Mamedov, Rauf"]
[Black "Beerdsen, Thomas"]
[Result "1-0"]
[WhiteTitle "GM"]
[BlackTitle "IM"]
[WhiteElo "2703"]
[BlackElo "2484"]
[WhiteTeam "San Jose Hackers"]
[BlackTeam "Minnesota Blizzard"]
[WhiteFideId "13401653"]
[BlackFideId "1030108"]
[EventDate "2019.01.08"]

1. e4 c5 2. Nf3 a6 3. c3 d5 4. exd5 Qxd5 5. d4 Bg4 6. Be2 e6 7. Be3 cxd4 8. cxd4
Nf6 9. Nc3 Qd6 10. Qb3 Qb4 11. h3 Bh5 12. g4 Bg6 13. Ne5 Be4 14. O-O Qxb3 15.
axb3 Bc6 16. Nb5 Nd5 17. Bc4 Ke7 18. Bxd5 Bxb5 19. Bxb7 Ra7 20. Bg2 Bxf1 21.
Kxf1 Rc7 22. Bf4 Rc8 23. Nc4 f6 24. Nb6 Re8 25. Rc1 Kf7 26. Rc7+ Re7 27. Rc8 Nd7
28. Nc4 e5 29. Nd6+ Ke6 30. d5+ Kxd6 31. Rc6# 1-0

[Event "PRO League Group Stage"]
[Site "chess.com INT"]
[Date "2019.01.16"]
[Round "2"]
[White "Izoria, Zviad"]
[Black "Mitkov, Nikola"]
[Result "1-0"]
[WhiteTitle "GM"]
[BlackTitle "GM"]
[WhiteElo "2603"]
[BlackElo "2477"]
[WhiteTeam "San Jose Hackers"]
[BlackTeam "Minnesota Blizzard"]
[WhiteFideId "13601733"]
[BlackFideId "15000290"]
[EventDate "2019.01.08"]

1. c4 e5 2. Nc3 Bb4 3. Nd5 a5 4. a3 Bc5 5. Nf3 c6 6. Nc3 d6 7. e3 Nd7 8. d4 Ba7
9. Bd3 Ngf6 10. O-O O-O 11. Qc2 Re8 12. dxe5 dxe5 13. Ng5 h6 14. Nge4 Nc5 15.
Nxc5 Bxc5 16. Na4 Ba7 17. c5 e4 18. Be2 Bg4 19. Bxg4 Nxg4 20. h3 Nf6 21. b4 axb4
22. axb4 Nd5 23. Bb2 Qg5 24. Rfd1 Nxb4 25. Qb3 Nd3 26. Bd4 Qf5 27. f3 Qg5 28.
fxe4 Nxc5 29. Nxc5 Bxc5 30. Rxa8 Rxa8 31. Qxb7 Ra2 32. Qc8+ Bf8 33. Qg4 Qxg4 34.
hxg4 c5 35. Be5 f6 36. Bd6 Ra4 37. Bxf8 Kxf8 38. Rd5 Rxe4 39. Rxc5 Rxe3 40. Kh2
Kf7 41. g3 Kg6 42. Kh3 Re5 43. Rc7 Re1 44. Rb7 Rh1+ 45. Kg2 Re1 46. Kf3 Re5 47.
Ra7 Kg5 48. Rxg7# 1-0

[Event "PRO League Group Stage"]
[Site "chess.com INT"]
[Date "2019.01.16"]
[Round "2"]
[White "Kiewra, Keaton"]
[Black "Yu, Yangyi"]
[Result "0-1"]
[WhiteTitle "IM"]
[BlackTitle "GM"]
[WhiteElo "2362"]
[BlackElo "2764"]
[WhiteTeam "San Diego Surfers"]
[BlackTeam "Chengdu Pandas"]
[WhiteFideId "2019280"]
[BlackFideId "8603820"]
[EventDate "2019.01.08"]

1. Nf3 d5 2. d4 e6 3. c4 Nd7 4. g3 dxc4 5. Bg2 c6 6. O-O b5 7. b3 cxb3 8. Qxb3
Bb7 9. a4 a6 10. Nc3 Ngf6 11. Rd1 b4 12. Bf4 Ra7 13. Na2 c5 14. dxc5 Bxc5 15.
Nxb4 Qb6 16. Be3 a5 17. Nd4 Bxg2 18. Nb5 axb4 19. Nxa7 Bd5 20. Rxd5 Nxd5 21. Nc8
Qb8 0-1

[Event "PRO League Group Stage"]
[Site "chess.com INT"]
[Date "2019.01.16"]
[Round "2"]
[White "Bryant, John Daniel"]
[Black "Li, Chao b"]
[Result "0-1"]
[WhiteTitle "IM"]
[BlackTitle "GM"]
[WhiteElo "2449"]
[BlackElo "2699"]
[WhiteTeam "San Diego Surfers"]
[BlackTeam "Chengdu Pandas"]
[WhiteFideId "2031280"]
[BlackFideId "8604436"]
[EventDate "2019.01.08"]

1. e4 d6 2. d4 Nf6 3. Nc3 e5 4. Nf3 Nbd7 5. Bc4 Be7 6. a4 O-O 7. O-O b6 8. Re1
Bb7 9. h3 a5 10. Ba2 h6 11. Qd3 Ba6 12. Qd1 Re8 13. Nh4 exd4 14. Qxd4 Ne5 15.
Nf5 Bf8 16. f4 Nc6 17. Qf2 Bc8 18. Ne3 Be6 19. Ned5 Nb4 20. Nxf6+ Qxf6 21. Bxe6
Rxe6 22. Be3 c5 23. f5 Ree8 24. Rad1 Rad8 25. Rd2 g6 26. Red1 gxf5 27. Rf1 Bg7
28. Qg3 Qg6 29. Qf2 fxe4 30. Ne2 d5 31. Nf4 Qf6 32. c3 d4 33. cxb4 dxe3 34. Qxe3
Rxd2 0-1

[Event "PRO League Group Stage"]
[Site "chess.com INT"]
[Date "2019.01.16"]
[Round "2"]
[White "Chu, Wei Chao"]
[Black "Brown, Michael William"]
[Result "1/2-1/2"]
[WhiteTitle "IM"]
[BlackTitle "IM"]
[WhiteElo "2373"]
[BlackElo "2524"]
[WhiteTeam "Chengdu Pandas"]
[BlackTeam "San Diego Surfers"]
[WhiteFideId "8605661"]
[BlackFideId "2037602"]
[EventDate "2019.01.08"]

1. d4 Nf6 2. c4 e6 3. Nf3 Bb4+ 4. Nbd2 O-O 5. a3 Bxd2+ 6. Qxd2 a5 7. e3 b6 8.
Be2 Bb7 9. b3 d6 10. Bb2 Nbd7 11. O-O Qe7 12. b4 e5 13. Qc2 Rfe8 14. d5 c6 15.
dxc6 Bxc6 16. Rfd1 d5 17. cxd5 Bxd5 18. bxa5 Rec8 19. Qd2 Rxa5 20. Qb4 Qe6 21.
Bb5 Bc6 22. Rd6 Rxb5 23. Rxe6 Rxb4 24. Rxc6 Rxc6 25. axb4 h6 26. Nxe5 Nxe5 27.
Bxe5 Nd5 28. b5 Rc5 29. Rb1 Nc3 30. Bxc3 Rxc3 31. g4 Rc2 32. Kg2 Kf8 33. Rd1 Rc5
34. Rb1 Rc2 35. Rb4 g5 36. h4 Kg7 37. h5 Rc5 38. Kf3 Rc2 39. Rd4 Rb2 40. Rd5 Rb4
41. Rf5 f6 42. Rd5 Kf7 43. e4 Ke6 44. Ke3 Rb3+ 45. Ke2 Rb2+ 46. Ke3 Rb3+ 47. Kd4
Rf3 48. Rf5 Rb3 49. e5 fxe5+ 50. Rxe5+ Kd6 51. Rd5+ Ke6 52. Re5+ Kd6 53. Re8
Rb4+ 54. Ke3 Rxg4 55. Rh8 Kc5 56. Rxh6 Rh4 57. Rh8 Kxb5 58. h6 Kb4 59. h7 b5 60.
f3 Rh1 61. Ke4 Rh3 62. Ke5 Kb3 63. Rb8 Rxh7 64. Rxb5+ Kc4 65. Ra5 Rf7 66. Ke6
Rxf3 67. Rxg5 1/2-1/2

[Event "PRO League Group Stage"]
[Site "chess.com INT"]
[Date "2019.01.16"]
[Round "2"]
[White "Gu, Xiaobing"]
[Black "Dreev, Aleksey"]
[Result "0-1"]
[WhiteTitle "WGM"]
[BlackTitle "GM"]
[WhiteElo "2326"]
[BlackElo "2670"]
[WhiteTeam "Chengdu Pandas"]
[BlackTeam "San Diego Surfers"]
[WhiteFideId "8602611"]
[BlackFideId "4100107"]
[EventDate "2019.01.08"]

1. e4 c6 2. Nc3 d5 3. Nf3 Bg4 4. h3 Bxf3 5. Qxf3 e6 6. d4 dxe4 7. Qxe4 Nf6 8.
Qh4 Nbd7 9. Bd3 g6 10. O-O Bg7 11. Bg5 h6 12. Bd2 Nd5 13. Qxd8+ Rxd8 14. Nxd5
cxd5 15. c3 O-O 16. a4 Nb6 17. Bf4 Rc8 18. a5 Nc4 19. Rfb1 g5 20. Bg3 Rfd8 21.
h4 Bf8 22. hxg5 hxg5 23. Bxc4 Rxc4 24. Ra3 Bxa3 25. bxa3 Rd7 26. Rb3 f6 27. Bb8
a6 28. Kf1 Ra4 29. Rb6 Kf7 30. Bd6 Rxa5 31. Ke2 Rb5 32. Rxb5 axb5 33. Bc5 e5 34.
Kd3 Ke6 35. Kc2 Rh7 36. g3 e4 37. Kd2 Kf5 38. Ke3 Kg4 39. Bd6 f5 40. Be5 Rh1 41.
Bf6 Ra1 42. Be7 Ra2 43. Bd6 b6 0-1

[Event "PRO League Group Stage"]
[Site "chess.com INT"]
[Date "2019.01.16"]
[Round "2"]
[White "Xiong, Jeffery"]
[Black "Mikhalevski, Victor"]
[Result "1-0"]
[WhiteTitle "GM"]
[BlackTitle "GM"]
[WhiteElo "2672"]
[BlackElo "2581"]
[WhiteTeam "Dallas Destiny"]
[BlackTeam "Seattle Sluggers"]
[WhiteFideId "2047640"]
[BlackFideId "2801914"]
[EventDate "2019.01.08"]

1. d4 Nf6 2. c4 g6 3. Nc3 d5 4. Bg5 Bg7 5. Bxf6 Bxf6 6. cxd5 c5 7. Nf3 cxd4 8.
Nxd4 Qb6 9. Nb3 O-O 10. Rc1 Rd8 11. e4 e6 12. Bc4 Qb4 13. Qe2 b5 14. Bxb5 exd5
15. O-O Bxc3 16. Rxc3 dxe4 17. Rd1 Rxd1+ 18. Qxd1 Be6 19. Qd8+ Kg7 20. Qd4+ Qxd4
21. Nxd4 Bxa2 22. Rc8 Bd5 23. Nc6 a6 24. Ba4 Nxc6 25. Rxa8 Nb4 26. Rb8 Nd3 27.
Kf1 Kf6 28. Ke2 Ke5 29. Ke3 f5 30. Re8+ Kf6 31. Bc2 Nxb2 32. Kd4 Bc6 33. Rh8 Nd3
34. Bxd3 exd3 35. Kxd3 Bxg2 36. Rxh7 Ke5 37. Ke3 f4+ 38. Ke2 Bc6 39. Ra7 Ke4 40.
Re7+ Kf5 41. Rc7 Bb5+ 42. Kf3 g5 43. Rc5+ Kg6 44. h4 gxh4 45. Kxf4 h3 46. Kg3
Bf1 47. Rc1 Bg2 48. Ra1 Kf5 49. Rxa6 Kg5 50. Ra5+ Kf6 51. Rh5 Kg6 52. Rh4 Kg5
53. Rh8 Kf5 54. f4 Bf1 55. Rh6 Bg2 56. Rh5+ Kg6 57. Rg5+ Kf6 58. Kf2 Ke6 59. Rh5
Kf6 60. Kg3 Kg6 61. Ra5 Kf6 62. Ra6+ Kf5 63. Rh6 Bf1 64. Rh5+ Kg6 65. Rh8 Kf5
66. Kf2 Bg2 67. Ke3 Kf6 68. Rh5 Kg6 69. Rg5+ Kf6 70. Kf2 Ke6 71. Kg3 Kf6 72. Rh5
Kg6 73. Rc5 Kf6 74. Re5 Kg6 75. Re8 Kf5 76. Rh8 Bf1 77. Rf8+ Kg6 78. Kg4 Bg2 79.
Rh8 Kg7 80. Rh4 Kf6 81. Rh6+ Kg7 82. Kg5 Bf1 83. f5 Bg2 84. f6+ Kg8 85. Rh4 Bf1
86. Kf5 1-0

[Event "PRO League Group Stage"]
[Site "chess.com INT"]
[Date "2019.01.16"]
[Round "2"]
[White "Feng, Roland"]
[Black "Zhu, Jiner"]
[Result "0-1"]
[WhiteTitle "FM"]
[BlackTitle "WIM"]
[WhiteElo "2334"]
[BlackElo "2424"]
[WhiteTeam "Seattle Sluggers"]
[BlackTeam "Dallas Destiny"]
[WhiteFideId "2060086"]
[BlackFideId "8608059"]
[EventDate "2019.01.08"]

1. d4 Nf6 2. c4 g6 3. Nc3 Bg7 4. Nf3 d6 5. Bg5 O-O 6. e3 b6 7. Be2 Bb7 8. Qc2
Nbd7 9. O-O e5 10. dxe5 dxe5 11. Nd2 Qe8 12. Rfd1 a5 13. Bf3 Bxf3 14. Nxf3 Nc5
15. Bxf6 Bxf6 16. Ne4 Nxe4 17. Qxe4 Bg7 18. b3 h6 19. Rac1 Qe7 20. Rc2 f5 21.
Qd5+ Kh7 22. Rcd2 Rae8 23. Qb5 Rf7 24. Ne1 Qf8 25. Qc6 e4 26. Rd7 Be5 27. g3 Bd6
28. Rxf7+ Qxf7 29. Nc2 g5 30. Nd4 Re7 31. Nb5 Be5 32. Rd8 h5 33. Na7 Kg7 34. Nc8
Re6 35. Qd5 Kh6 36. Rd7 Qe8 37. Na7 Bd6 38. Qb5 h4 39. Kg2 f4 40. g4 f3+ 41. Kf1
h3 42. Kg1 Re5 43. Qc6 Qe6 44. Kf1 Qxg4 45. Rxd6+ cxd6 46. Qxd6+ Re6 47. Qf8+
Kh5 48. Qh8+ Rh6 49. Qe8+ Kh4 50. Qe5 Qg2+ 51. Ke1 Qg1+ 52. Kd2 Qxf2+ 53. Kd1
Qe2+ 54. Kc1 Qxe3+ 55. Kb1 f2 56. Qf5 Qe1+ 0-1

[Event "PRO League Group Stage"]
[Site "chess.com INT"]
[Date "2019.01.16"]
[Round "2"]
[White "Irgaliyev, Alikhan"]
[Black "Preotu, Razvan"]
[Result "0-1"]
[BlackTitle "GM"]
[WhiteElo "2191"]
[BlackElo "2524"]
[WhiteTeam "Seattle Sluggers"]
[BlackTeam "Dallas Destiny"]
[WhiteFideId "13705610"]
[BlackFideId "2613280"]
[EventDate "2019.01.08"]

1. d4 Nf6 2. Bg5 d5 3. Nd2 c5 4. e3 Nc6 5. c3 e5 6. dxe5 Nxe5 7. Ngf3 Nc6 8. Bb5
Qb6 9. c4 Be7 10. O-O O-O 11. Qb3 Na5 12. Qc2 h6 13. Bf4 Be6 14. b3 a6 15. Ba4
Rfd8 16. cxd5 Nxd5 17. Nc4 Nxc4 18. bxc4 Nxf4 19. exf4 Qb4 20. Bb3 Bf6 21. Ne5
Rd4 22. Rae1 Rad8 23. Re3 Qd2 24. Qxd2 Rxd2 25. h3 R2d4 26. Rf3 Bxe5 27. fxe5
Re4 28. Re3 Rxe3 29. fxe3 Rd3 30. Kf2 Rc3 31. Rd1 Bxc4 32. Rd8+ Kh7 33. Bxc4
Rxc4 34. Rd7 Rc2+ 35. Kf3 Kg6 36. a4 Rb2 37. Rc7 Rb4 38. a5 Rb5 39. Ke4 Rxa5 40.
Rxb7 Rb5 41. Ra7 a5 42. g4 c4 43. Kd4 c3 44. Kxc3 Rxe5 45. Kd4 Rb5 46. Kc4 Rb4+
47. Kc3 Ra4 48. Kd3 Ra1 49. h4 a4 50. Ke4 a3 51. h5+ Kf6 52. Ra6+ Kg5 53. Kf3 a2
54. Ra5+ Kh4 55. Kg2 Kxg4 56. e4 Kf4 57. e5 Kf5 58. Kh2 g6 59. hxg6 Kxg6 60. Kg2
h5 61. Kh2 h4 62. Kg2 h3+ 63. Kh2 Kf5 64. Ra7 Kxe5 65. Ra5+ Kf6 66. Ra6+ Kg7 67.
Ra7 Kg6 68. Ra6+ Kg5 69. Ra5+ f5 70. Ra3 f4 71. Ra5+ Kf6 72. Ra6+ Ke7 73. Ra7+
Kd8 74. Ra8+ Kc7 75. Ra3 f3 76. Rc3+ Kd6 77. Rd3+ Ke5 78. Re3+ Kd4 79. Ra3 f2
80. Ra4+ Kc3 0-1

[Event "PRO League Group Stage"]
[Site "chess.com INT"]
[Date "2019.01.16"]
[Round "2"]
[White "Sarana, Alexey"]
[Black "Zierk, Steven"]
[Result "1-0"]
[WhiteTitle "GM"]
[BlackTitle "GM"]
[WhiteElo "2630"]
[BlackElo "2510"]
[WhiteTeam "Australia Kangaroos"]
[BlackTeam "San Francisco Mechanics"]
[WhiteFideId "24133795"]
[BlackFideId "2034255"]
[EventDate "2019.01.08"]

1. d4 d5 2. c4 c6 3. Nf3 Nf6 4. Nc3 e6 5. cxd5 cxd5 6. Bg5 Be7 7. e3 O-O 8. Bd3
Nc6 9. O-O Bd7 10. Rc1 Rc8 11. Bb1 Ne8 12. Qd3 g6 13. h4 Nd6 14. Rfd1 Nc4 15.
Qe2 Bxg5 16. hxg5 Qb6 17. Na4 Qd8 18. Nc5 Nd6 19. e4 b6 20. Nxd7 Qxd7 21. e5 Nf5
22. Rc3 Na5 23. Rcd3 Qe7 24. g4 Ng7 25. Kg2 Rc7 26. Rh1 Rfc8 27. Rdd1 Qb4 28.
Bd3 Nc4 29. b3 Na3 30. Qe3 Rc3 31. Qf4 Qe7 32. Qh2 h5 33. gxh6 Ne8 34. Qf4 Nc2
35. Ng5 R8c7 36. Bb5 f6 37. h7+ Kh8 38. Bxe8 fxg5 39. Qf6+ Qg7 40. Bxg6 Qxf6 41.
exf6 Rc8 42. Bxc2 Rxc2 43. Rde1 1-0

[Event "PRO League Group Stage"]
[Site "chess.com INT"]
[Date "2019.01.16"]
[Round "2"]
[White "Smirnov, Anton"]
[Black "Ezra, Paul Chambers"]
[Result "1-0"]
[WhiteTitle "GM"]
[BlackTitle "FM"]
[WhiteElo "2569"]
[BlackElo "2360"]
[WhiteTeam "Australia Kangaroos"]
[BlackTeam "San Francisco Mechanics"]
[WhiteFideId "3208923"]
[BlackFideId "20300204"]
[EventDate "2019.01.08"]

1. e4 c5 2. Nf3 Nc6 3. Nc3 e5 4. Bc4 d6 5. d3 Be7 6. Nd2 Nf6 7. Nf1 O-O 8. Ne3
a6 9. Ned5 b5 10. Nxf6+ Bxf6 11. Bd5 Bd7 12. a4 Rb8 13. axb5 axb5 14. O-O Nd4
15. Ne2 Be6 16. Nxd4 Bxd5 17. Nxb5 Bxe4 18. dxe4 Rxb5 19. Qd3 Rb6 20. b3 Bg5 21.
Bb2 Qe7 22. Ra4 g6 23. Qd5 Rfb8 24. g3 Qb7 25. Qd3 Ra8 26. Rfa1 Rxa4 27. Rxa4
Be7 28. Bc1 Rb4 29. Rxb4 Qxb4 30. Kg2 Qb7 31. f3 Kg7 32. Kf1 Qa7 33. Be3 Qa1+
34. Kg2 Qb1 35. Bd2 Qa2 36. Bc3 f6 37. Bd2 Qb1 38. Be3 Qa2 39. Qd1 Qb2 40. Bc1
Qa2 41. Be3 Qb2 42. Kf2 Qa2 43. Ke2 Qb2 44. Qd2 h5 45. Qd1 Qa2 46. Kf2 Qb2 47.
Qd3 Qb1 48. Kg2 Qb2 49. Qd2 Qb1 50. Qc1 Qa2 51. Kf2 Kf7 52. Bd2 Kg7 53. Bc3 Kf7
54. Qb2 Qa7 55. Qa1 Qxa1 56. Bxa1 Ke6 57. c4 Bd8 58. Bc3 f5 59. Ke3 Bg5+ 60. Kd3
f4 61. gxf4 Bxf4 62. h3 Bh2 63. Ba5 Bg1 64. Kc2 Be3 65. Kb2 Kd7 66. Ka3 Kc6 67.
Ka4 Bd4 68. Bd2 Bf2 69. Ka5 Bg3 70. Ka6 Bf2 71. Ka7 Kc7 72. Ba5+ Kd7 73. Kb7 Bd4
74. Bd2 Bg1 75. Kb6 Bd4 76. Kb5 Bg1 77. Bc1 Bd4 78. Ba3 Bg1 79. b4 cxb4 80. Bxb4
Bd4 81. c5 dxc5 82. Bxc5 Bc3 83. Kc4 Ba1 84. Kd5 Bc3 85. Bd6 Bd2 86. Kxe5 Bc3+
87. Kd5 Ke8 88. Ke6 Bd4 89. Be5 Be3 90. Kf6 g5 91. Kg6 h4 92. Bf6 1-0

[Event "PRO League Group Stage"]
[Site "chess.com INT"]
[Date "2019.01.16"]
[Round "2"]
[White "Naroditsky, Daniel"]
[Black "Ly, Moulthun"]
[Result "1-0"]
[WhiteTitle "GM"]
[BlackTitle "GM"]
[WhiteElo "2616"]
[BlackElo "2486"]
[WhiteTeam "San Francisco Mechanics"]
[BlackTeam "Australia Kangaroos"]
[WhiteFideId "2026961"]
[BlackFideId "3204405"]
[EventDate "2019.01.08"]

1. d4 Nf6 2. c4 e6 3. Nc3 Bb4 4. f3 d5 5. a3 Bxc3+ 6. bxc3 c5 7. cxd5 Nxd5 8.
dxc5 f5 9. Nh3 O-O 10. Nf4 Nc6 11. Nxd5 exd5 12. Bf4 Qf6 13. Rc1 Re8 14. Kf2 Be6
15. e3 Bf7 16. Bb5 Qe7 17. Bxc6 bxc6 18. Qd4 Qh4+ 19. Bg3 Qg5 20. h4 Qe7 21. Rb1
Be6 22. h5 h6 23. Be5 Qf7 24. f4 Bc8 25. Rh3 Kh7 26. Rg3 Rg8 27. Rg6 a5 28. Rb6
Ra6 29. Rb8 Ra7 30. Rxc6 Qxh5 31. Rcxc8 Rxc8 32. Rxc8 Qh4+ 33. Ke2 Qh5+ 34. Kd2
Rb7 35. Qxd5 1-0

[Event "PRO League Group Stage"]
[Site "chess.com INT"]
[Date "2019.01.16"]
[Round "2"]
[White "Gozzoli, Yannick"]
[Black "Song, Raymond"]
[Result "1/2-1/2"]
[WhiteTitle "GM"]
[BlackTitle "FM"]
[WhiteElo "2630"]
[BlackElo "2329"]
[WhiteTeam "San Francisco Mechanics"]
[BlackTeam "Australia Kangaroos"]
[WhiteFideId "616915"]
[BlackFideId "3203824"]
[EventDate "2019.01.08"]

1. d4 Nf6 2. Nf3 d5 3. c4 e6 4. g3 Be7 5. Bg2 O-O 6. O-O dxc4 7. Qc2 a6 8. a4
Bd7 9. Bg5 Bc6 10. Nbd2 Nbd7 11. Nxc4 Be4 12. Qc1 c5 13. dxc5 Nxc5 14. Rd1 Nd5
15. Ncd2 Bg6 16. Bxe7 Qxe7 17. Ne5 Rac8 18. Nxg6 hxg6 19. Qb1 Nb4 20. Ne4 Rfd8
21. Nxc5 Rxc5 22. Qe4 Nc6 23. Rxd8+ Qxd8 24. b4 Rd5 25. e3 Rd1+ 26. Rxd1 Qxd1+
27. Bf1 Qxa4 28. Qd3 Qxb4 29. Qd7 Qe7 30. Qc8+ Nd8 31. Bg2 Kh7 32. h4 f5 33. Bf1
Nf7 34. Bc4 e5 35. Bd5 Nh6 36. Bxb7 a5 37. Bd5 Qd6 38. e4 a4 39. Qa8 a3 40. Kg2
Qc5 41. h5 gxh5 42. exf5 Nxf5 43. Qg8+ Kg6 44. Be4 Qd6 45. Qe8+ Kg5 46. Bxf5
Kxf5 47. Qxh5+ Kf6 48. Qf3+ Ke7 49. Qb7+ Kf8 50. Qa8+ Kf7 51. Qb7+ Kg8 52. Qa8+
Kf7 53. Qb7+ Kf6 54. Qf3+ Ke6 55. Qg4+ Kf7 56. Qc4+ Qe6 57. Qc7+ Kg6 58. Qc2+
Qf5 59. Qc6+ Kh7 60. Qa8 Qd3 61. Kh3 Qf5+ 62. Kg2 Qd3 63. Kh3 Qf5+ 64. Kg2 Qd3 1/2-1/2